000
00203 a2200097 4500
001
18171
100
_a
Razzaque, A
245
_a
Prayer for progress
260
_a
_b
Sh M Ashraf
_c
090
_c
13465
_d
13465
942
_a
NUST-CAE
_c
M
_c
3853
999
_c
253244
_d
253244